Statistics for English To Finnish I

Click here to take the quiz!

General Stats

  • This quiz has been taken 14 times
  • The average score is 10 of 15

Answer Stats

EnglishFinnish% Correct
HotKuuma
100%
ArithmeticAritmeettinen
83%
SouthEtelä
83%
GoldKulta
83%
HalfPuoli
83%
SolidKiinteä
67%
ExplodeRäjähtää
67%
StructureRakenne
67%
CarriageKuljetus
50%
AncientMuinainen
50%
RighteousnessOikeudenmukaisuus
50%
ScriptureRaamattu
50%
IgnoranceTietämättömyys
50%
DeliveryToimitus
50%
NauseatingKuvottava
33%

Score Distribution

Percentile by Number Answered

Percent of People with Each Score

Your Score History

You have not taken this quiz